000 01299nji a22002897a 4500
005 20100909140439.0
006 a|||||r|||||00| 0
007 sd ammalaaahaa
008 100830t xxu||||| |||| 00| 0 eng d
028 _aN 55021
_bHis Master's Voice
035 _aGR-01643
040 _aSED
_cSED
100 _917455
_aBarot, Kamal
245 _aNoor mahal /
_cby Kamal Barot [and] Krishna Kalle ; music by Jani Babu Qawal ; lyrics by Noor Dewasi
_h[sound recording] :
246 _aनूर महल / कमल बारोट द्वारा
260 _aDum Dum, India
_bHis Master's Voice
_cn.d.
300 _a1 sound disc [Gramophone Recording]:
_banalog, 33 1/3 rpm
_c9.5 in. (MP)
_fGramophone Record
500 _aBrief Record
505 _aSide-१ राम जाने क्या हुइयो (Ram jaane kya hooiyo) (Kamal Barot & Krishna Kalle) --Side-2 हम क्यों तुम्हे बताएं (Hum kyu tumhe bataye) (Manna dey, Suresh Rajvanshi)
650 _aClassical music
_zIndia
_91186
_xExcerpts
700 _917416
_aRajvanshi, Suresh
700 _917456
_aQawal, Jani Babu
700 _919046
_aAfghani, Saba
700 _919047
942 _2ddc
_cGR
999 _c44797
_d44797